000 004490000a22001810004500
003 MACL
005 20160202155317.0
008 160202b xxu||||| |||| 00| 0 eng d
040 _aMACL
_cMACL
041 _aEnglish
082 _a332
100 _aKiran Institute
_936295
245 _aIBPS Bank Clerical CWE Practice Work Book
260 _bKiran Institute
_c2011
_aNew Delhi
350 _a393
650 _aBanking
_9281
942 _cBK
_k332
_2ddc
999 _c45664
_d45664